000 00450nam a2200169 a 4500
001 0000-8960
003 ELIB.Books
008 110520 1983
035 _a(ELIB.Books)0000-9109
082 _a260
_bCCA
100 _aCCA - CTC
245 _aTradition and Innovation
260 _bSingapore: Christian Conference of Asia
_c1983
650 _aSocial Theology
942 _2ddc
_cBK
998 _cbat
_e2011-05-20
_mcat
_u2019-06-05
999 _c8960
_d8960